000
00299nam a22001337a 4500
008
170307b xxu||||| |||| 00| 0 eng d
020
_a
0805301186
041
_a
eng
080
_a
611
100
_a
611
101
_a
SHM
245
_a
THE BASSETT ATLAS OF HUMAN ANATOMY
_c
CHASE.R.A
942
_2
udc
_c
BK
999
_c
7032
_d
7032